LEADER 00922nam a2200181 i 4500 001 000000231662 003 CaOOAMICUS 005 20140806000000.0 008 140806s1794 it u000 u fre u 013 $a210565 026 $au-ce ntil dueu leo- (C) 1794 (F) 040 $aSeMil$bita 245 10$aPlanches de l'origine de tous les cultes, du citoyen Dupuis, avec leur explication. 300 $a16 p., 22 carte di tav. :$bill. ;$c4°. 773 0 $aDupuis, Charles François <1742-1809>$tOrigine de tous les cultes ou religion universelle. Par Dupuis, citoyen francois. Premiere partie du tome 1. [-tome 7.].$dA Paris : Chez H. Agasse, [1794-1795], l'an III de la Republique.$w()30279 850 $aSeMil 852 $aSeMil$W1$xVenegono$y1$m2X II 19 FA$j182008$B182008$CSeMilBibl$Z2$F192976 $8I 996 $6245$aPlanches de l'origine de tous les cultes, du citoyen Dupuis, avec leur explication$9(OLS)http://semarc/title/330737 LEADER 00570nam a2200169 i 4500 001 000000234824 003 CaOOAMICUS 005 20141022000000.0 008 141022s1844 it u000 u ita u 013 $a213727 040 $aSeMil$bita 245 10$aTomo 3. 300 $a240 p. 773 0 $aArtaud de Montor, Alexis François$tStoria del pontefice Leone 12..$dMilano : Giovanni Resnati, 1843-1844.$g3$w()30777 850 $aSeMil 852 $aSeMil$W1$xVenegono$y1$m3B II 11 FA$j185170$B185170$CSeMilBibl$Z2$F196060 $8I 996 $6245$aTomo 3$9(OLS)http://semarc/title/53129